Ión /
Guardado en:
| Hovedforfatter: | |
|---|---|
| Format: | Ukendt |
| Sprog: | Spanish |
| Udgivet: |
Cuba :
Editorial Arte y Literatura,
c1990.
|
| Fag: | |
| Tags: |
Tilføj Tag
Ingen Tags, Vær først til at tagge denne postø!
|
MARC
| LEADER | 000000000a22000000004500 | ||
|---|---|---|---|
| 001 | 002045 | ||
| 041 | 0 | |a spa | |
| 082 | 0 | 4 | |a 869.3 |b R292i |
| 100 | 1 | |a Rebreanu, Liviu | |
| 245 | 1 | 0 | |a Ión / |c Liviu Rebreanu. |
| 260 | 1 | |a Cuba : |b Editorial Arte y Literatura, |c c1990. | |
| 650 | 4 | |a LITERATURA RUMANA | |
| 650 | 4 | |a NOVELA | |
| 999 | |c 8650 |d 8650 | ||
| 942 | |c BK |h 869.3 R292i |2 z | ||
